Manorama yearbook 2012 (Record no. 43035)

MARC details
000 -LEADER
fixed length control field 00281nam a2200109Ia 4500
020 ## - INTERNATIONAL STANDARD BOOK NUMBER
ISBN ISSN:09752250
082 ## - DEWEY DECIMAL CLASSIFICATION NUMBER
Classification number 0582012
Item number MAN
245 #0 - TITLE STATEMENT
Title Manorama yearbook 2012
260 ## - PUBLICATION, DISTRIBUTION, ETC. (IMPRINT)
Place of publication Malayala Manorama Press
Name of publisher Kottayam
Year of publication 2012
942 ## - ADDED ENTRY ELEMENTS (KOHA)
Koha item type Books
Holdings
Withdrawn status Lost status Damaged status Not for loan Home library Current library Date acquired Cost, normal purchase price Full call number Accession Number Koha item type
        RRII Library RRII Library 16/12/2021 170.00 0582012 MAN 23299 Books